Report of the working group on rural poverty alleviation programmes for the tenth five year plan (2002-2007) (Record no. 477525)
[ view plain ]
| 000 -LEADER | |
|---|---|
| fixed length control field | 00430cam a22001217a 4500 |
| 008 - FIXED-LENGTH DATA ELEMENTS--GENERAL INFORMATION | |
| fixed length control field | 180718b2001 xxu||||| |||| 00| 0 eng d |
| 082 ## - DEWEY DECIMAL CLASSIFICATION NUMBER | |
| Classification number | Q31x54 T25 |
| 245 ## - TITLE STATEMENT | |
| Title | Report of the working group on rural poverty alleviation programmes for the tenth five year plan (2002-2007) |
| 260 ## - PUBLICATION, DISTRIBUTION, ETC. | |
| Place of publication, distribution, etc. | New Delhi |
| Name of publisher, distributor, etc. | Planning Commission |
| Date of publication, distribution, etc. | 2001 |
| 300 ## - PHYSICAL DESCRIPTION | |
| Extent | 100p. |
| 440 ## - SERIES STATEMENT/ADDED ENTRY--TITLE | |
| Title | TFYP working group sr. no. 81/2001 |
| 700 ## - ADDED ENTRY--PERSONAL NAME | |
| Personal name | India. Planning Commission |
| Withdrawn status | Lost status | Damaged status | Not for loan | Permanent Location | Current Location | Date acquired | Full call number | Barcode | Date last seen | Price effective from | Koha item type |
|---|---|---|---|---|---|---|---|---|---|---|---|
| Indian Institute of Public Administration | Indian Institute of Public Administration | 2018-08-04 | Q31x54 T25 | GG25714 | 2018-08-04 | 2018-08-04 | GG | ||||
| Indian Institute of Public Administration | Indian Institute of Public Administration | 2018-08-04 | Q31x54 T25 | GG25600 | 2018-08-04 | 2018-08-04 | GG | ||||
| Indian Institute of Public Administration | Indian Institute of Public Administration | 2018-08-04 | Q31x54 T25 | GG25599 | 2018-08-04 | 2018-08-04 | GG |
